000 00475cab a2200169 4500
001 L136337
008 070125n1985 000 0 eng u
035 _a(Sirsi) u136337
041 0 _aeng
245 0 4 _aThe 117th annual report of the General Council 1984-5
260 _c1985
490 0 _aChartered Surveyor Weekly
_v12(5) 1 August 1985, 343-346(4)
490 0 _aRICS Annual Report
651 4 _aInternational
690 _aABOUT RICS-RICS ANNUAL REPORT
942 _n0
999 _c78254
_d78254